000 00878nam a22002417a 4500
005 20140526112215.0
010 _aB-524264
020 _a9780593072493
_c750.00
035 _aB-524264
035 _aB-529106-110
037 _bUBH
037 _bUBH/Ven
_adpl
082 _aN
100 _aBrown, Dan
245 _aInferno/
_cby Dan Brown
260 _aLondon
_bBantam Press
_c2013
260 _aU.K.
_bTransworld Publishers
_c2013
270 _a61-63 Uxbridge Road,
_bLondon
_eW5 5SA
300 _a461p.
_c24cm(Hb)
942 _2ddc
_cEN
_hN
_mBRO
999 _c78985
_d78985